ბათუმის შოთა რუსთაველის სახელმწიფო უნივერსიტეტის ბიბლიოთეკა

ქალაქური მოთხრობები / (ბიბ.ჩანაწერი № 63696)

000 -ლიდერი
ფიქსირებული სიგრძის საკონტროლო ველი 01377nam a22002297a 4500
003 - საკონტროლო ნომრის იდენტიფიკატორი
საკონტროლო ველი Ge_BSU
005 - ბოლო ოპერაციის თარიღი და დრო
საკონტროლო ველი 20251210205001.0
008 - ფიქსირებული სიგრძის მონაცემთა ელემენტები - ზოგადი ინფორმაცია
ფიქსირებული სიგრძის საკონტროლო ველი 251210s2025 ge ||||| |||| 00| 0 geo d
020 ## - წიგნის საერთაშორისო სტანდარტული ნომერი
International Standard Book Number 9789941996498
041 ## - ენის კოდი
Language code of text/sound track or separate title geo
080 ## - უნივერსალური ათობითი კლასიფიკაციის ინდექსი
Universal Decimal Classification number 821.353.1-32
100 ## - მთავარი ჩანაწერი - პიროვნების სახელი
Personal name გრიგორენცი, არტემ
9 (RLIN) 26444
245 ## - ცნობა სათაურის შესახებ
Title ქალაქური მოთხრობები /
Statement of responsibility, etc არტემ გრიგორენცი; ბოლოსიტყვაობა: თემურ ტონია, თამილა გოგოლაძე.
264 ## - წარმოების, გამოცემის, დისტრიბუციის და სხვა ცნობები
გამოცემის, წარმოების, დისტრიბუციის... ადგილი თბილისი :
გამოცემის, წარმოების, დისტრიბუციის... სახელწოდება ილია ჭავჭავაძის სახ. საქართველოს ეროვნული ბიბლიოთეკა,
გამოცემის, წარმოების, დისტრიბუციის... თარიღი 2025.
300 ## - ფიზიკური აღწერა
Extent 94 გვ. ;
Other physical details 16 სმ.
500 ## - ზოგადი შენიშვნა
General note გარეკანზე: მჰერ ჩატინიანის ფერწერული ნამუშევარი "სიმღერა ძველ ქალაქზე".
653 ## - INDEX TERM--UNCONTROLLED
Uncontrolled term ქართული პროზა
653 ## - INDEX TERM--UNCONTROLLED
Uncontrolled term სომხური პროზა
700 ## - ADDED ENTRY--PERSONAL NAME
Personal name ტონია, თემურ
Relator term ბოლოსიტყვაობის ავტორი
9 (RLIN) 26445
700 ## - ADDED ENTRY--PERSONAL NAME
Personal name გოგოლაძე, თამილა
Relator term ბოლოსიტყვაობის ავტორი.
9 (RLIN) 26446
942 ## - ADDED ENTRY ELEMENTS (KOHA)
Source of classification or shelving scheme
Koha item type წიგნი
ეგზემპლარები
ჩამოწერის სტატუსი დაკარგული ეგზემპლარის სტატუსი კლასიფიკაციის წყარო ან თაროზე გაწყობის სქემა დაზიანების სტატუსი არ გაიცემა მუდმივი მდებარეობა (დაცვის ადგილი) ამჟამინდელი ადგილსამყოფელი თაროზე განთავსების ადგილი შეძენის თარიღი ღირებულება, შესყიდვის ნორმალური ფასი სრული შენახვის შიფრი შტრიხკოდი ბოლო ოპერაციის თარიღი ეგზემპლარის მიმდევრობითი ნომერი (კეტერი?) Uniform Resource Identifier ფასის ძალაში შესვლის თარიღი ეგზემპლარის სახეობა საჯარო შენიშვნა
          ბათუმის შოთა რუსთაველის სახელმწიფო უნივერსიტეტის მთავარი ბიბლიოთეკა ბათუმის შოთა რუსთაველის სახელმწიფო უნივერსიტეტის მთავარი ბიბლიოთეკა წიგნსაცავი 2025-12-10 4.00 821.353.1-32 73257 2025-12-10 73257 საჩუქარი საქართველოს ეროვნული ბიბლიოთეკისაგან 2025-12-10 წიგნი 4 ლ.